Catalog

Record Details

Catalog Search



Meth  Cover Image Book Book

Meth / by Sue Bradford Edwards.

Summary:

"Methamphetamine, commonly known as meth, is a devastating drug that ravages users' bodies and can destroy their lives. This title explores the effects of meth on the body, examines the laws and policies surrounding it, and discusses the road to recovery"--Provided by publisher.

Record details

  • ISBN: 9781532114182
  • ISBN: 1532114184
  • Physical Description: 112 pages : color illustrations ; 24 cm
  • Publisher: Minneapolis, MN : Essential Library, an imprint of Abdo Publishing, 2019

Content descriptions

Bibliography, etc. Note:
Includes bibliographical references (pages 104-109) and index.
Formatted Contents Note:
Fighting fire -- About Meth -- Meth and the brain -- Other physical effects -- Personal effects -- Quitting meth -- Legal consequences -- The current situation.
Subject: Drug abuse > Juvenile literature.
Drug addiction > Juvenile literature.
Drug control > Juvenile literature.
Methamphetamine > Juvenile literature.

Available copies

  • 1 of 1 copy available at scottsboropl.

Holds

  • 0 current holds with 1 total copy.
Show Only Available Copies
Location Call Number / Copy Notes Barcode Shelving Location Status Due Date
scottsboropl 362.29 Edw 32269001192239 Adult - Nonfiction Available -

LDR 01766nam a2200373Ii 4500
001153769
003CONS
00520200304093646.0
008180326t20192019mnua j b 001 0 eng d
010 . ‡a 2017961354
020 . ‡a9781532114182 ‡q(hardcover)
020 . ‡a1532114184 ‡q(hardcover)
035 . ‡a(CPomAG)LMN616394
05000. ‡aHV5809.5 ‡b.E39 2019
08204. ‡a362.29 ‡223
1001 . ‡aEdwards, Sue Bradford, ‡eauthor.
24510. ‡aMeth / ‡cby Sue Bradford Edwards.
264 1. ‡aMinneapolis, MN : ‡bEssential Library, an imprint of Abdo Publishing, ‡c2019
300 . ‡a112 pages : ‡bcolor illustrations ; ‡c24 cm
336 . ‡atext ‡btxt ‡2rdacontent
337 . ‡aunmediated ‡bn ‡2rdamedia
338 . ‡avolume ‡bnc ‡2rdacarrier
4901 . ‡aDrugs in real life
504 . ‡aIncludes bibliographical references (pages 104-109) and index.
5050 . ‡aFighting fire -- About Meth -- Meth and the brain -- Other physical effects -- Personal effects -- Quitting meth -- Legal consequences -- The current situation.
520 . ‡a"Methamphetamine, commonly known as meth, is a devastating drug that ravages users' bodies and can destroy their lives. This title explores the effects of meth on the body, examines the laws and policies surrounding it, and discusses the road to recovery"--Provided by publisher.
650 0. ‡aDrug abuse ‡vJuvenile literature.
650 0. ‡aDrug addiction ‡vJuvenile literature.
650 0. ‡aDrug control ‡vJuvenile literature.
650 0. ‡aMethamphetamine ‡vJuvenile literature.
830 0. ‡aDrugs in real life.
914 . ‡aSCP_LP
959 . ‡i32269001192239 ‡lYA 362.29 Edw ‡aYoung Adult - NonFiction ‡tHardback ‡g30.00
852 . ‡p32269001192239 ‡jYA 362.29 Edw ‡gYoung Adult - NonFiction ‡cHardback ‡y30.00 ‡bSBPL
901 . ‡a153769 ‡bUnknown ‡c153769 ‡tbiblio

Additional Resources